000 01059nab a2200253 i 4500
001 180823
003 ES-MaACL
005 20250904063109.0
008 120717s1913 sp 000 s spa d
040 _aES-MaACL
100 1 _aPrieto Pazos, Faustino,
_d1861-
_eaut
_993938
245 1 3 _aEl tratado de comercio con Portugal y su especial influencia para la vida y desarrollo económico de Madrid /
_cpor Faustino Prieto Pazos
300 _aPáginas 22-31
594 _aPrecede al título: Conferencias en el Círculo de la Unión Mercantil de Madrid
599 _aRetrato del autor en portada
651 4 _aPortugal-
_xRelaciones económicas-
_zEspaña
_9226958
651 4 _aEspaña-
_xRelaciones económicas-
_zPortugal
_9226959
655 4 _aConferencias
_9234444
710 2 _aCírculo de la Unión Mercantil (Madrid)
_eisb
_9134324
773 0 _tLa Palabra : revista taquigráfica,
_xISSN 2479-7723
_gN. 23 (1 dic.1913), p. 22-31
_02879
_92987
_w2879
942 _2udc
_cANAB
_n0
999 _c180823
_d180823
955 _bPilar Fernández Vera